000 00656nam a2200181Ia 4500
008 151018s9999 xx 000 0 und d
082 _bRBASDV61793
_a891.433
100 _aउषा दत्त
245 _aरवींद्रनाथ कथांजली भाग २
250 _b1
260 _b"आर्य प्रकाशन,दिल्ली "
_c2012
300 _a208
600 _aउषा दत्त
630 _aरवींद्रनाथ कथांजली भाग २
700 _aउषा दत्त
730 _aरवींद्रनाथ कथांजली भाग २
942 _cBOOK
999 _c1055042
_d1055039